[Event "Gironi-ch A"]
[Site "Sant Gregori"]
[Date "2007.10.28"]
[Round "4.1"]
[White "Alonso Rosell, Alvar"]
[Black "Mogro Simon, Simon"]
[Result "1-0"]
[WhiteElo "2343"]
[BlackElo "1951"]
[PlyCount "81"]
[EventDate "2007.10.07"]
[EventType "swiss"]
[EventRounds "8"]
[EventCountry "ESP"]
[SourceTitle "EXT 2024"]
[Source "ChessBase"]
[SourceDate "2023.10.10"]
[SourceVersion "1"]
[SourceVersionDate "2023.10.10"]
[SourceQuality "1"]

1. d4 Nf6 2. c4 e6 3. Nc3 Bb4 4. f3 d5 5. a3 Be7 6. e4 dxe4 7. fxe4 c5 8. d5 0-0 9. Nf3 exd5 10. cxd5 Bg4 11. Be2 Bd6 12. 0-0 Bxf3 13. gxf3 Be5 14. Bd3 Nh5 15. f4 Bd4+ 16. Kh1 Qh4 17. Qf3 Nd7 18. Bd2 g6 19. Ne2 Bg7 20. e5 b6 21. Be1 Qd8 22. Nc3 Bh6 23. Bg3 a6 24. Rae1 Re8 25. d6 Rf8 26. Nd5 Kh8 27. Ne7 Ng7 28. Bh4 Qe8 29. Qh3 Nh5 30. Be4 Bxf4 31. Rxf4 Nxf4 32. Qxd7 Nh5 33. Qg4 f5 34. exf6 Nxf6 35. Qg5 Nh5 36. Qe5+ Ng7 37. Bf6 Qf7 38. Bxg7+ Qxg7 39. Qxg7+ Kxg7 40. Bxa8 Rxa8 41. Nc6 1-0